000 00683nam a2200277Ia 4500
005 20260324143228.0
008 008 260324s9999 xx 000 0 eng d
020 _a9781003574835
037 _aEBOOK
040 _aCRL
040 _beng
040 _cCRL
041 _2eng
041 _aeng
084 _qCRL
100 _aAlexander D. Hyatt; Bryan Eaton
_91214868
245 0 _aImmuno-Gold Electron Microscopy in Virus Diagnosis and Research
260 _bTaylor and Francis
260 _c1992
365 _a
365 _b720
856 _uhttp://www.taylorfrancis.com/books/9781003574835
942 _cEBOOK
999 _c1820003
_d1820003